000 00469nam a2200193Ia 4500
003 0100
008 130303s9999 xx 000 0 und d
040 _cARRUPELIB
050 _aHC59.L47 1978
100 _aLean, Geoffrey
245 _aRich world, poor world
260 _aLondon
260 _bGeorge Allen & Unwin
260 _C1978
300 _a352p.
300 _b 23 cm.
650 _bEnglish language--Study and teaching (Secondary)
942 _2lcc
_04
999 _c58590
_d58590